000 00590nam a2200205Ia 4500
003 OSt
005 20220925231751.0
006 a|||||r|||| 00| 0
007 ta
008 220923b |||||||| |||| 00| 0 eng d
037 _cGeneral Book
040 _aRTL
_cRTL
_beng
041 _2eng
_aeng
082 _aX:3m24xm18:g(R)
245 0 _aMaterialism and Empirio-Criticism
_b Critical Comments on a Reactionary Philosophy
260 _aMascow
_bProgress Publishers
300 _a382p.
_ccm.
942 _hX:3m24xm18:g(R)
_cGB
_2CC
999 _c589416
_d589416